LEADER 01124nam a2200301 i 4500 001 000000151810 003 CaOOAMICUS 005 20060712000000.0 008 060712s1988 it u000 u ita u 013 $a129151 020 $a880421891-6 040 $aSeMil$bita 100 1 $aMartini, Fritz.$0(OLS)http://semarc/name/59616 245 10$aStoria della letteratura tedesca /$cFritz Martini. 250 $a5. Ed. 260 $a[S.l.] :$bIl Saggiatore,$c1988. 300 $aIX, 761 p. ;$c21 cm. 490 0 $aLa cultura ;$v75 500 $aContiene : Bibliografia. - Fondo Ciprandi. 650 4$aLetteratura tedesca - Storia.$0(OLS)http://semarc/subject/557 830 3$aLa cultura ;$v75.$0(OLS)http://semarc/title/6877 850 $aSeMil 852 $aSeMil$W1$xVenegono$y1$m1V V 164$j103791$B103791$CSeMilBibl$Z2$F112825 $81 941 1 $a1 961 $aOmaggio: Ciprandi dott. Paolo 996 $6020$a880421891-6$9(OLS)http://semarc/number/141423 996 $6245$aStoria della letteratura tedesca$9(OLS)http://semarc/title/26014 996 $6260$a[S.l.] :$bIl Saggiatore$9(OLS)http://semarc/publisher/36741 LEADER 00977nam a2200253 i 4500 001 000000164328 003 CaOOAMICUS 005 20070911000000.0 008 070911s1948 it u000 u ita u 013 $a141696 040 $aSeMil$bita 100 1 $aRemarque, Erich Maria <1898-1970>.$0(OLS)http://semarc/name/25942 245 10$aArco di trionfo :$bromanzo /$cErich Maria Remarque. 260 $aMilano :$bBompiani,$ccopyr. 1948. 260 $a[Milano] :$bGarzanti,$ccopyr. 1948. 300 $a396 p. ;$c18 cm. 490 0 $aI Garzanti ;$v283 830 2$aI Garzanti ;$v283.$0(OLS)http://semarc/title/7189 850 $aSeMil 852 $aSeMil$W1$xVenegono$y1$m1W I 548$j239910$B115595$CSeMilBibl$Z2$F126484 $81 961 $aRecupero: Altro 996 $6245$aArco di trionfo :$bromanzo$9(OLS)http://semarc/title/234434 996 $6260$a[Milano] :$bGarzanti$9(OLS)http://semarc/publisher/31829 996 $6260$aMilano :$bBompiani$9(OLS)http://semarc/publisher/29706